100 Biggest Cities in the United States in 1850 with a Map - Statistics

General Stats
  • This quiz has been taken 1,281 times
    890 since last reset
  • The average score is 54 of 100
Answers on the Map
Answers color-coded by a green-red scale on the quiz's map according to % correct below.
 
Answer Stats
Population State City % Correct
136,881 MA Boston
98%
116,375 LA New Orleans
98%
515,547 NY New York City
98%
29,963 IL Chicago
97%
21,019 MI Detroit
96%
121,376 PA Philadelphia
96%
169,054 MD Baltimore
95%
42,261 NY Buffalo
94%
115,435 OH Cincinnati
93%
25,000 CA San Francisco
93%
77,800 MO St. Louis
93%
17,034 OH Cleveland
92%
10,165 TN Nashville
92%
40,001 (DC) Washington
92%
17,882 OH Columbus
91%
8,091 IN Indianapolis
91%
46,601 PA Pittsburgh
91%
50,763 NY Albany
90%
8,841 TN Memphis
90%
20,061 WI Milwaukee
90%
42,985 SC Charleston
88%
17,216 MA Charlestown
88%
27,570 VA Richmond
88%
7,680 RI North Providence
86%
41,513 RI Providence
86%
43,194 KY Louisville
85%
15,312 GA Savannah
84%
20,515 AL Mobile
82%
9,448 GA Augusta
80%
8,225 ME Augusta
80%
13,555 CT Hartford
79%
8,728 AL Montgomery
79%
38,894 NJ Newark
79%
36,403 NY Rochester
79%
20,815 ME Portland
76%
22,271 NY Syracuse
76%
20,345 CT New Haven
75%
7,834 PA Harrisburg
72%
14,326 VA Norfolk
72%
96,838 NY Brooklyn
71%
8,159 KY Lexington
68%
11,766 MA Springfield
68%
10,977 OH Dayton
65%
13,932 NH Manchester
64%
8,576 NH Concord
63%
17,049 MA Worcester
62%
13,979 DE Wilmington
59%
9,563 RI Newport
58%
8,734 (DC) Alexandria
55%
17,565 NY Utica
53%
14,432 ME Bangor
52%
20,264 MA Salem
52%
15,215 MA Cambridge
51%
8,452 MA Nantucket
49%
9,738 NH Portsmouth
47%
8,626 VA Portsmouth
47%
12,369 PA Lancaster
45%
33,383 MA Lowell
43%
11,435 VA Wheeling
41%
9,479 NJ Camden
40%
8,196 NH Dover
38%
16,443 MA New Bedford
38%
28,785 NY Troy
38%
11,511 NY Poughkeepsie
37%
8,991 CT New London
36%
11,334 NJ Paterson
36%
15,743 PA Reading
36%
8,921 NY Schenectady
36%
11,524 MA Fall River
34%
21,262 PA Allegheny
32%
14,257 MA Lynn
32%
47,223 PA Northern Liberties
31%
8,071 VA Lynchburg
30%
7,740 RI Warwick
29%
14,010 VA Petersburg
28%
8,366 (DC) Georgetown
26%
7,786 MA Gloucester
26%
9,408 KY Covington
24%
8,282 MA Lawrence
22%
10,019 NJ New Brunswick
18%
12,205 NY Oswego
18%
38,799 PA Southwark
18%
9,548 NY Auburn
16%
46,774 PA Kensington
16%
8,012 IN Madison
16%
30,780 NY Williamsburgh
16%
7,929 OH Zanesville
16%
10,441 MA Taunton
15%
9,572 MA Newburyport
14%
8,181 IN New Albany
13%
58,894 PA Spring Garden
13%
8,291 MA Chicopee
12%
14,190 LA Lafayette
12%
18,364 MA Roxbury
12%
7,969 MA Dorchester
10%
8,020 ME Bath
8%
8,109 MA Danvers
8%
26,979 PA Moyamensing
8%
11,500 RI Smithfield
8%
8,939 PA Penn
6%
No matching quizzes found
Score Distribution
Percent of People with Each Score
Percentile by Number Answered
Your Score History
You have not taken this quiz since the last reset